Poetry in crystal ; interpretations in crystal of thirty-one new poems by contemporary American poets.

Bibliographic Details
Corporate Authors: Corning Glass Works. Steuben Glass, Poetry Society of America
Format: Book
Language:English
Published: New York, [publisher not identified] ; 1963.
Edition:1st. ed.
Subjects:

MARC

Tag First Indicator Second Indicator Subfields
LEADER 00000cam a2200000 4500
001 in00000033672
005 20151007061920.0
008 751023s1963 nyua 00000deng d
010 |a  63012592  
035 |a (OCoLC)01726171 
035 |9 AAD3459AM 
040 |a JPL  |c JPL  |d TXA  |d UtOrBLW 
049 |a TXAM  |c [366835] 
050 0 |a NK5112  |b C64 
092 |a 811.08  |b C818p 
110 2 |a Corning Glass Works.  |b Steuben Glass. 
245 1 0 |a Poetry in crystal ;  |b interpretations in crystal of thirty-one new poems by contemporary American poets. 
250 |a 1st. ed. 
264 1 |a New York,  |b [publisher not identified] ;  |c 1963. 
300 |a 86 pages :  |b illustrations ;  |c 28 cm. 
336 |a text  |b txt  |2 rdacontent 
337 |a unmediated  |b n  |2 rdamedia 
338 |a volume  |b nc  |2 rdacarrier 
500 |a A collaboration with the Poetry Society of America. 
500 |a Biographical sketches of the poets and the artists: pages 77-86. 
650 0 |a Glassware  |z United States. 
650 0 |a American poetry  |y 20th century. 
710 2 |a Poetry Society of America. 
999 |a MARS 
999 f f |s 09090148-4aa4-345e-9e50-cfe8683c8ad0  |i 97dc3c03-c584-351c-8e97-cbeced39c004  |t 0 
952 f f |p normal  |a Texas A&M University  |b College Station  |c Sterling C. Evans Library  |d Evans: Library Stacks  |t 0  |e NK5112 C64  |h Library of Congress classification  |i unmediated -- volume  |m A14801222115 
998 f f |a NK5112 C64  |t 0  |l Evans: Library Stacks